zpět

Detail výsledku týmu

Zimák, Uničov

Datum a čas kvízu

22 Celkem bodů Celkový počet nahraných bodů na tomto kvízu bez doplňovacích otázek.
5. Pořadí na kvízu Konečné umístění týmu na tomto kvízu.

Zaznamenané odpovědi

# Otázka Odpověď Body Výsledky
1. Investigativní tým podílející... Jan Novák 1
2. Na švýcarských mincích se popr... Roger Federer 1
3. Pořadatelé multikulturního fes... Twenty One Pilots 0
4. V pondělí začala v jedné evrop... Madrid 0
5. Ester Ledecká opět překvapila... Lake Louise 0
6. Toto téma zvítězilo minulý týd... Moa 0
7. Jakým způsobem souvisí s naším... Na tomto fiktivním ostrově se odehrával děj filmu Jurský park. 0
8. Na tomto obrázku vidíme velkou... latimérie podivná 0.5
9. Mnohým z vás jistě při přečten... Mauricius 0
10. Mezinárodní svaz ochrany příro... Červený (seznam) 0